000 00291nam a22001337a 4500
008 170330b xxu||||| |||| 00| 0 eng d
020 _a9780071455527
041 _aeng
080 _211 ED
_a616-053.2
100 _a8
101 _aSHM
245 _aPEDIATRICS
_cYETMAN.R..J
942 _2udc
_cBK
999 _c9078
_d9078